<?xml version="1.0" encoding="UTF-8"?>
<record
    xmlns:xsi="http://www.w3.org/2001/XMLSchema-instance"
    xsi:schemaLocation="http://www.loc.gov/MARC21/slim http://www.loc.gov/standards/marcxml/schema/MARC21slim.xsd"
    xmlns="http://www.loc.gov/MARC21/slim">

  <leader>01326nab a22002297a 4500</leader>
  <datafield tag="999" ind1=" " ind2=" ">
    <subfield code="c">6267</subfield>
    <subfield code="d">6267</subfield>
  </datafield>
  <controlfield tag="003">OSt</controlfield>
  <controlfield tag="005">20260128023516.0</controlfield>
  <controlfield tag="008">190514b        xxu||||| |||| 00| 0 spa d</controlfield>
  <datafield tag="040" ind1=" " ind2=" ">
    <subfield code="c">PJ</subfield>
  </datafield>
  <datafield tag="100" ind1=" " ind2=" ">
    <subfield code="9">6700</subfield>
    <subfield code="a">Morquecho, Lara </subfield>
  </datafield>
  <datafield tag="245" ind1="1" ind2="0">
    <subfield code="a">Un caso que evidencia los riesgos de la implementaci&#xF3;n del diagn&#xF3;stico gen&#xE9;tico preimplantatorio / </subfield>
    <subfield code="c">Lara Morquecho. </subfield>
  </datafield>
  <datafield tag="300" ind1=" " ind2=" ">
    <subfield code="a">p. 36-45</subfield>
  </datafield>
  <datafield tag="500" ind1=" " ind2=" ">
    <subfield code="a">Cita: TR LALEY AR/DOC/2707/2025. </subfield>
  </datafield>
  <datafield tag="505" ind1=" " ind2=" ">
    <subfield code="a">Sumario: I. Introducci&#xF3;n.&#x2014; II. El diagn&#xF3;stico gen&#xE9;tico preimplantatorio (DGP).&#x2014; III. El caso sobre responsabilidad civil de los m&#xE9;dicos y la cl&#xED;nica ante la falencia del DGP: "D. M., I. L. y otros c. Fecunditas Medicina de Alta Complejidad y otros s/ da&#xF1;os y perjuicios - resp. prof. m&#xE9;dicos y aux.".&#x2014; IV. Algunas &#xBF;conclusiones?.</subfield>
  </datafield>
  <datafield tag="505" ind1=" " ind2=" ">
    <subfield code="t">Fallo comentado:  JNCiv. Nro. 42 ~ 12/05/2025 ~ D. M., I. L. y otros c. Fecunditas Medicina de Alta Complejidad y otros s/ da&#xF1;os y perjuicios - resp. prof. m&#xE9;dicos y aux.</subfield>
  </datafield>
  <datafield tag="650" ind1=" " ind2="0">
    <subfield code="9">967</subfield>
    <subfield code="a">DERECHO DE FAMILIA</subfield>
  </datafield>
  <datafield tag="650" ind1=" " ind2="0">
    <subfield code="9">3351</subfield>
    <subfield code="a">MALA PRAXIS</subfield>
  </datafield>
  <datafield tag="650" ind1=" " ind2="0">
    <subfield code="9">5291</subfield>
    <subfield code="a">GEN&#xC9;TICA HUMANA</subfield>
  </datafield>
  <datafield tag="650" ind1=" " ind2="0">
    <subfield code="9">1057</subfield>
    <subfield code="a">JURISPRUDENCIA APLICABLE</subfield>
  </datafield>
  <datafield tag="773" ind1="0" ind2=" ">
    <subfield code="0">2844</subfield>
    <subfield code="9">3222</subfield>
    <subfield code="d">Buenos Aires : AbeledoPerrot, 1989-</subfield>
    <subfield code="t">Derecho de familia. Revista Interdisciplinaria de doctrina y jurisprudencia. Diciembre 2025-VI.</subfield>
    <subfield code="z">18511201</subfield>
  </datafield>
  <datafield tag="942" ind1=" " ind2=" ">
    <subfield code="2">udc</subfield>
    <subfield code="c">ANA</subfield>
  </datafield>
</record>
